[Event "28th Chicago Open"]
[Site "Chicago"]
[Date "2019.05.25"]
[Round "4"]
[White "Vazquez, Guillermo"]
[Black "Graif, William"]
[Result "1-0"]
[WhiteElo "2497"]
[BlackElo "2210"]
[PlyCount "123"]
[EventDate "2019.05.??"]
[EventType "swiss"]
[EventRounds "9"]
[EventCountry "USA"]

1. e4 c5 2. Nf3 d6 3. Bb5+ Nd7 4. d4 Ngf6 5. O-O cxd4 6. Qxd4 a6 7. Bxd7+ Bxd7
8. Bg5 Bc6 9. Bxf6 gxf6 10. Nc3 e6 11. Rad1 Be7 12. Rfe1 Rg8 13. Qe3 Rg6 14.
Nd4 Qd7 15. f4 O-O-O 16. f5 Rg7 17. Qd3 Rdg8 18. Re2 Bd8 19. Kh1 Kb8 20. Qc4
exf5 21. Nxc6+ Qxc6 22. Qxc6 bxc6 23. Rxd6 Kc7 24. Red2 fxe4 25. Nxe4 Re8 26.
Rd7+ Kc8 27. g3 Ba5 28. b4 Bxb4 29. c3 Rxe4 30. cxb4 Re1+ 31. Kg2 Re2+ 32. Kf3
Rxd2 33. Rxd2 Kc7 34. Rd4 Rg5 35. Rf4 Rh5 36. h4 f5 37. Rc4 Kb6 38. Rc5 Rh6 39.
Rxf5 Rd6 40. Rxf7 h6 41. Kg4 Kb5 42. a3 Rg6+ 43. Kh3 Ka4 44. Rf3 a5 45. Rf4 Rd6
46. bxa5+ Kxa5 47. Kg4 Rg6+ 48. Kf3 Rd6 49. Ke3 Rg6 50. g4 Kb5 51. Kd3 Re6 52.
g5 hxg5 53. hxg5 Re1 54. Rg4 Rd1+ 55. Kc3 Rd7 56. g6 Rg7 57. a4+ Kc5 58. Rg5+
Kd6 59. Kc4 Ke6 60. Kc5 Ra7 61. Kb6 Rg7 62. a5 1-0

[Event "28th Chicago Open"]
[Site "Chicago"]
[Date "2019.05.25"]
[Round "4"]
[White "Santarius, Erik"]
[Black "Tian, Eddy"]
[Result "1-0"]
[WhiteElo "2396"]
[BlackElo "2166"]
[PlyCount "105"]
[EventDate "2019.05.??"]
[EventType "swiss"]
[EventRounds "9"]
[EventCountry "USA"]

1. d4 Nf6 2. c4 g6 3. Nc3 Bg7 4. e4 d6 5. Nf3 O-O 6. Be2 e5 7. Be3 Ng4 8. Bg5
f6 9. Bc1 Nc6 10. O-O Kh8 11. d5 Ne7 12. Ng5 Nxf2 13. Rxf2 fxg5 14. Rxf8+ Qxf8
15. Nb5 Qd8 16. Bxg5 a6 17. Nc3 h6 18. Be3 g5 19. a4 Ng6 20. g3 a5 21. Bg4 Bxg4
22. Qxg4 Qe7 23. Rf1 Nf8 24. Qh5 Kg8 25. h4 Nh7 26. hxg5 Nxg5 27. Bxg5 Qxg5 28.
Qxg5 hxg5 29. Rf5 g4 30. Nb5 Rc8 31. b3 b6 32. Rg5 Kf7 33. Rxg4 Bf6 34. Kg2 Be7
35. Nc3 Bf6 36. Nb5 Be7 37. Nc3 Bf6 38. Ne2 Rh8 39. Ng1 Rh7 40. Nf3 Rh5 41. Nh4
Bg5 42. Kf2 Bf6 43. Ke2 Rh6 44. Kd3 Bxh4 45. Rxh4 Rxh4 46. gxh4 Kg6 47. c5 Kh5
48. cxd6 cxd6 49. Kc4 Kxh4 50. Kb5 Kg4 51. Kc6 Kf4 52. Kxd6 Kxe4 53. Kc6 1-0

[Event "28th Chicago Open"]
[Site "Chicago"]
[Date "2019.05.25"]
[Round "4"]
[White "Yanayt, Eugene"]
[Black "Mao, Yingzhou"]
[Result "1-0"]
[WhiteElo "2263"]
[BlackElo "1949"]
[PlyCount "65"]
[EventDate "2019.05.??"]
[EventType "swiss"]
[EventRounds "9"]
[EventCountry "USA"]

1. d4 Nf6 2. c4 e6 3. g3 Bb4+ 4. Nd2 d5 5. Bg2 O-O 6. Ngf3 Nbd7 7. O-O c6 8.
Qc2 Qc7 9. e4 dxe4 10. Nxe4 Nxe4 11. Qxe4 Nf6 12. Qe2 b6 13. Bf4 Bd6 14. Ne5
Bb7 15. c5 Bxe5 16. Bxe5 Qd8 17. Rfc1 Rc8 18. Rc3 Re8 19. Ra3 Ra8 20. Rc1 Nd5
21. Be4 f5 22. Bg2 Qe7 23. Kh1 h6 24. g4 Qg5 25. Rg1 Nf4 26. Qf3 Ng6 27. gxf5
Nxe5 28. dxe5 Qxf5 29. Qe2 Qf8 30. Be4 Re7 31. Qh5 g5 32. Rf3 Qd8 33. Qg6+ 1-0

[Event "28th Chicago Open"]
[Site "Chicago"]
[Date "2019.05.25"]
[Round "4"]
[White "Canty, James"]
[Black "Moore, Johnson"]
[Result "1-0"]
[WhiteElo "2222"]
[BlackElo "2006"]
[PlyCount "59"]
[EventDate "2019.05.??"]
[EventType "swiss"]
[EventRounds "9"]
[EventCountry "USA"]

1. e4 d6 2. d4 Nf6 3. Nc3 g6 4. Nf3 Bg7 5. h3 a6 6. a4 b6 7. Be3 Bb7 8. Bd3 Nc6
9. Qd2 O-O 10. d5 Ne5 11. Be2 Nxf3+ 12. Bxf3 Nd7 13. O-O Ne5 14. Be2 c5 15. f4
Nd7 16. Bf3 Qc7 17. h4 f5 18. h5 Nf6 19. exf5 gxf5 20. Qd3 Qd7 21. Rae1 Rf7 22.
b3 Kh8 23. Ne2 Ng8 24. Ng3 Nh6 25. c4 Raf8 26. Nh1 Bf6 27. Nf2 Ng4 28. Nxg4
fxg4 29. Be4 Bg7 30. Bxh7 1-0

[Event "28th Chicago Open"]
[Site "Chicago"]
[Date "2019.05.24"]
[Round "3"]
[White "Gabuzyan, Hovhannes"]
[Black "Sheng, Joshua"]
[Result "1/2-1/2"]
[WhiteElo "2613"]
[BlackElo "2451"]
[PlyCount "92"]
[EventDate "2019.05.??"]
[EventType "swiss"]
[EventRounds "9"]
[EventCountry "USA"]

1. Nf3 d5 2. g3 Bg4 3. Bg2 Nd7 4. c4 e6 5. cxd5 exd5 6. O-O Ngf6 7. Nc3 c6 8.
d3 Bc5 9. Qb3 Bb6 10. Na4 O-O 11. Nxb6 axb6 12. Be3 Re8 13. a4 Ra6 14. Qc2 Qe7
15. h3 Bxf3 16. Bxf3 Rea8 17. Ra3 Nc5 18. Rfa1 Ne6 19. Rb1 Qb4 20. Qd1 Nd4 21.
Bxd4 Qxd4 22. b4 b5 23. a5 Qe5 24. e4 Qd4 25. Qc1 Re8 26. Qf4 dxe4 27. dxe4
Raa8 28. Re3 Rad8 29. Ree1 Qe5 30. Qxe5 Rxe5 31. Rbd1 Rxd1 32. Rxd1 Kf8 33. Bg2
Re7 34. f4 Rd7 35. Ra1 Rd4 36. e5 Nd5 37. Bxd5 cxd5 38. a6 bxa6 39. Rxa6 Rxb4
40. f5 Re4 41. f6 gxf6 42. exf6 Re6 43. Ra5 Rxf6 44. Rxb5 Rf5 45. g4 Re5 46.
Kf2 Kg7 1/2-1/2

[Event "28th Chicago Open"]
[Site "Chicago"]
[Date "2019.05.24"]
[Round "3"]
[White "Kiewra, Keaton"]
[Black "Quesada Perez, Yuniesky"]
[Result "0-1"]
[WhiteElo "2375"]
[BlackElo "2622"]
[PlyCount "46"]
[EventDate "2019.05.??"]
[EventType "swiss"]
[EventRounds "9"]
[EventCountry "USA"]

1. d4 Nf6 2. c4 e6 3. Nf3 b6 4. g3 Bb7 5. Bg2 g6 6. O-O Bg7 7. b3 O-O 8. Bb2 d6
9. Nbd2 c5 10. e3 Nbd7 11. Qc2 Qc7 12. Rad1 Rac8 13. Qb1 a6 14. Qa1 Rfd8 15.
dxc5 bxc5 16. Nb1 Bc6 17. Rd2 Qb7 18. Nh4 g5 19. Rxd6 gxh4 20. Bxc6 Rxc6 21.
Rxd7 Rxd7 22. Bxf6 Rcd6 23. Qe5 Qf3 0-1

[Event "28th Chicago Open"]
[Site "Chicago"]
[Date "2019.05.24"]
[Round "3"]
[White "Torres Rosas, Luis Carlos"]
[Black "Shimanov, Aleksandr"]
[Result "0-1"]
[WhiteElo "2320"]
[BlackElo "2614"]
[PlyCount "66"]
[EventDate "2019.05.??"]
[EventType "swiss"]
[EventRounds "9"]
[EventCountry "USA"]

1. d4 d6 2. Nf3 Nf6 3. c4 g6 4. Nc3 Bf5 5. h3 Ne4 6. Qb3 Nxc3 7. Qxb7 Be4 8. d5
Nd7 9. bxc3 Bxf3 10. exf3 Bg7 11. Qb3 O-O 12. Be2 c6 13. dxc6 Qa5 14. O-O Nc5
15. Qa3 Qxc3 16. Qxc3 Bxc3 17. Rb1 Rac8 18. Be3 Rxc6 19. Rb5 Ra6 20. Rc1 Bf6
21. Rc2 Rc8 22. f4 Ra4 23. Bg4 Rc7 24. f5 Kg7 25. fxg6 hxg6 26. g3 Nd3 27. Be2
Nb4 28. Rd2 Nxa2 29. c5 d5 30. Bd1 Rb4 31. Ra5 Nc3 32. Bf3 d4 33. Bf4 e5 0-1

[Event "28th Chicago Open"]
[Site "Chicago"]
[Date "2019.05.24"]
[Round "3"]
[White "Shabalov, Alexander"]
[Black "Williams, Justus"]
[Result "1/2-1/2"]
[WhiteElo "2528"]
[BlackElo "2355"]
[PlyCount "55"]
[EventDate "2019.05.??"]
[EventType "swiss"]
[EventRounds "9"]
[EventCountry "USA"]

1. d4 Nf6 2. c4 e6 3. Nc3 d5 4. Nf3 Be7 5. Bf4 O-O 6. e3 b6 7. cxd5 Nxd5 8.
Nxd5 exd5 9. Bd3 c5 10. dxc5 bxc5 11. O-O Bb7 12. Rc1 Nd7 13. Qa4 Nf6 14. Rfd1
Qb6 15. Be5 Qe6 16. Bc3 h6 17. Qf4 Ne4 18. Bxe4 dxe4 19. Qe5 Qxe5 20. Nxe5 Rfd8
21. Ba5 Rd5 22. Rxd5 Bxd5 23. b3 Rc8 24. Kf1 Be6 25. Ke2 f6 26. Nc4 Rc6 27. Rc2
Kf7 28. Be1 1/2-1/2

[Event "28th Chicago Open"]
[Site "Chicago"]
[Date "2019.05.24"]
[Round "3"]
[White "Homa, Seth"]
[Black "Larson, Matthew"]
[Result "1/2-1/2"]
[WhiteElo "2245"]
[BlackElo "2403"]
[PlyCount "28"]
[EventDate "2019.05.??"]
[EventType "swiss"]
[EventRounds "9"]
[EventCountry "USA"]

1. c4 c5 2. Nf3 Nc6 3. d4 cxd4 4. Nxd4 Qb6 5. Nb3 e6 6. Nc3 Nf6 7. g3 Ne5 8. e4
Bb4 9. Qe2 a5 10. f4 Nc6 11. Be3 Qd8 12. Nd2 d6 13. Bg2 O-O 14. O-O e5 1/2-1/2

[Event "28th Chicago Open"]
[Site "Chicago"]
[Date "2019.05.24"]
[Round "3"]
[White "Baryshpolets, Andrey"]
[Black "Yanayt, Eugene"]
[Result "1-0"]
[WhiteElo "2591"]
[BlackElo "2263"]
[PlyCount "67"]
[EventDate "2019.05.??"]
[EventType "swiss"]
[EventRounds "9"]
[EventCountry "USA"]

1. d4 Nf6 2. c4 g6 3. g3 Bg7 4. Bg2 O-O 5. Nc3 d6 6. Nf3 Nbd7 7. O-O e5 8. e4
a6 9. Qc2 c6 10. Rd1 Qe7 11. h3 Re8 12. d5 cxd5 13. cxd5 b5 14. Be3 Bb7 15. Ne1
Rec8 16. Nd3 a5 17. Qb3 Ba6 18. Nxb5 Rab8 19. a4 Nb6 20. Qa2 Bxb5 21. axb5 Nc4
22. Bg5 Rxb5 23. Rdc1 Nb6 24. Rxc8+ Nxc8 25. Bd2 Qa7 26. Qc4 Qa6 27. Bf1 Rb6
28. Nxe5 Qxc4 29. Nxc4 Rb3 30. Rxa5 Nxe4 31. Ra8 Bd4 32. Rxc8+ Kg7 33. Be3 Bxe3
34. fxe3 1-0

[Event "28th Chicago Open"]
[Site "Chicago"]
[Date "2019.05.24"]
[Round "3"]
[White "Menon, Gopal"]
[Black "Shetty, Atulya"]
[Result "1/2-1/2"]
[WhiteElo "2221"]
[BlackElo "2420"]
[PlyCount "129"]
[EventDate "2019.05.??"]
[EventType "swiss"]
[EventRounds "9"]
[EventCountry "USA"]

1. e4 e6 2. d4 d5 3. Nc3 Nf6 4. exd5 exd5 5. Bg5 c6 6. Qd2 Bd6 7. O-O-O O-O 8.
Bd3 b5 9. Nf3 Qc7 10. Kb1 Nbd7 11. Rde1 b4 12. Nd1 a5 13. Nh4 Ne4 14. Bxe4 dxe4
15. Nf5 Re8 16. f3 Bf8 17. fxe4 Nb6 18. Qf4 Qxf4 19. Bxf4 Nc4 20. Ng3 Ba6 21.
Nf2 a4 22. Rd1 Rad8 23. Rhe1 Rd7 24. Bc1 Red8 25. b3 axb3 26. axb3 Nd6 27. Bg5
f6 28. Be3 Nb5 29. Kb2 Nxd4 30. Ra1 Bb5 31. Red1 Bc5 32. Nd3 Bxd3 33. Rxd3 Ne6
34. Rxd7 Rxd7 35. Bxc5 Nxc5 36. Ra5 Ne6 37. Kc1 Nf4 38. Rc5 Rd6 39. Rc4 g6 40.
Rxb4 Nxg2 41. Rb7 Re6 42. Rb8+ Kg7 43. Rb7+ Kh6 44. Kd2 Nh4 45. h3 Nf3+ 46. Kd3
Ne1+ 47. Kd2 Nf3+ 48. Kd3 Ng5 49. h4 Nf3 50. h5 gxh5 51. Nf5+ Kg5 52. Rxh7 Ne1+
53. Kd2 Rxe4 54. Rxh5+ Kg6 55. Ng3 Nf3+ 56. Kd3 Rg4 57. Rh8 Kg7 58. Rh3 Ng5 59.
Nh5+ Kg6 60. Rh1 Ne6 61. Ke3 f5 62. c3 Kg5 63. Kf3 f4 64. Re1 Kxh5 65. Re5+
1/2-1/2

[Event "28th Chicago Open"]
[Site "Chicago"]
[Date "2019.05.24"]
[Round "3"]
[White "Graif, William"]
[Black "Santarius, Erik"]
[Result "1/2-1/2"]
[WhiteElo "2210"]
[BlackElo "2396"]
[PlyCount "113"]
[EventDate "2019.05.??"]
[EventType "swiss"]
[EventRounds "9"]
[EventCountry "USA"]

1. e4 e5 2. Nf3 Nc6 3. Bc4 Bc5 4. c3 Nf6 5. d3 a6 6. a4 d6 7. O-O Ba7 8. Re1 h6
9. Nbd2 O-O 10. h3 Re8 11. Qc2 Be6 12. b4 Bxc4 13. Nxc4 d5 14. exd5 Qxd5 15.
Ne3 Bxe3 16. Bxe3 Rad8 17. Rad1 e4 18. dxe4 Qxe4 19. Qxe4 Nxe4 20. Rxd8 Nxd8
21. Bf4 c6 22. Nd4 Nf6 23. Rxe8+ Nxe8 24. Kf1 Nf6 25. c4 Ne6 26. Nxe6 fxe6 27.
Ke2 Nd7 28. Bc7 e5 29. g4 b5 30. axb5 axb5 31. cxb5 cxb5 32. f4 exf4 33. Bxf4
Kf7 34. Kd3 g5 35. Bh2 Kg6 36. Kd4 h5 37. Be5 hxg4 38. hxg4 Nb6 39. Kc5 Nc4 40.
Bd4 Na3 41. Be3 Nc4 42. Bc1 Ne5 43. Kxb5 Nxg4 44. Kc5 Kf7 45. Kd6 Ke8 46. Bxg5
Nf2 47. Kc7 Ne4 48. Bh4 Nc3 49. Kc6 Nb1 50. Bg5 Na3 51. Kc7 Nb5+ 52. Kc6 Na3
53. Kd6 Nc2 54. b5 Na3 55. b6 Nc4+ 56. Kc6 Nxb6 57. Kxb6 1/2-1/2

[Event "28th Chicago Open"]
[Site "Chicago"]
[Date "2019.05.24"]
[Round "3"]
[White "Sethuraman, Sandeep"]
[Black "Canty, James"]
[Result "1-0"]
[WhiteElo "2039"]
[BlackElo "2222"]
[PlyCount "101"]
[EventDate "2019.05.??"]
[EventType "swiss"]
[EventRounds "9"]
[EventCountry "USA"]

1. d4 Nf6 2. c4 g6 3. g3 Bg7 4. Bg2 O-O 5. Nc3 d6 6. Nf3 Nc6 7. O-O a6 8. h3
Bd7 9. e4 e5 10. dxe5 Nxe5 11. Nxe5 dxe5 12. Be3 Qc8 13. Kh2 b5 14. Qe2 c6 15.
Bc5 Re8 16. cxb5 axb5 17. a4 Qb7 18. b4 Reb8 19. Rfd1 Bf8 20. axb5 cxb5 21. Qf3
Bg7 22. Rxa8 Rxa8 23. Rd6 Ra3 24. Rd3 Bc6 25. Nd5 Rxd3 26. Qxd3 Nxd5 27. exd5
Bd7 28. d6 Qc8 29. Qa3 Bf8 30. Qa5 Qe8 31. Bd5 Qb8 32. Qa6 Qe8 33. h4 h5 34.
Qb6 Kh7 35. Qc7 Kg7 36. Bb6 Kh7 37. Qc5 Bg7 38. Qe3 Bf8 39. Bc7 Bg7 40. Qg5 f6
41. Qe3 Bh6 42. Qc5 Bg7 43. Qb6 Bf8 44. Bd8 Bg7 45. Qc7 Kh6 46. Be7 e4 47. Bxe4
f5 48. Bd5 f4 49. Bg5+ Kh7 50. Bxf4 Bf5 51. Qe7 1-0

[Event "28th Chicago Open"]
[Site "Chicago"]
[Date "2019.05.24"]
[Round "2"]
[White "Shetty, Atulya"]
[Black "Xiong, Jeffery"]
[Result "0-1"]
[WhiteElo "2420"]
[BlackElo "2679"]
[PlyCount "39"]
[EventDate "2019.05.??"]
[EventType "swiss"]
[EventRounds "9"]
[EventCountry "USA"]

1. c4 Nf6 2. g3 c6 3. Bg2 d5 4. Nf3 Nbd7 5. O-O dxc4 6. Qc2 Nb6 7. a4 a5 8. Na3
Be6 9. Ng5 Qd7 10. Rb1 Bf5 11. e4 Bg6 12. b3 e5 13. Nxc4 Nxc4 14. Qxc4 Bb4 15.
Nf3 Qe7 16. d3 O-O 17. Bb2 Nd7 18. Qc2 Rfe8 19. Nh4 Nc5 20. Rfd1 0-1

[Event "28th Chicago Open"]
[Site "Chicago"]
[Date "2019.05.24"]
[Round "2"]
[White "Santarius, Erik"]
[Black "Durarbayli, Vasif"]
[Result "0-1"]
[WhiteElo "2396"]
[BlackElo "2623"]
[PlyCount "107"]
[EventDate "2019.05.??"]
[EventType "swiss"]
[EventRounds "9"]
[EventCountry "USA"]

1. d4 d5 2. c4 e6 3. Nf3 c6 4. e3 Nf6 5. Bd3 dxc4 6. Bxc4 Nbd7 7. O-O a6 8. a4
Bd6 9. b3 O-O 10. Ba3 Bxa3 11. Nxa3 b5 12. axb5 cxb5 13. Be2 Bb7 14. Nc2 Qe7
15. Nce1 Rfc8 16. Nd3 a5 17. Nfe5 Nxe5 18. Nxe5 Ne4 19. Nd3 Bd5 20. Bf3 Nc3 21.
Qd2 Bxf3 22. gxf3 Qg5+ 23. Kh1 Qd5 24. Kg2 Qxb3 25. Nc5 Qc4 26. Rfc1 b4 27. Na4
Rc6 28. Nxc3 bxc3 29. Qc2 Qb5 30. Ra3 Rac8 31. Qa4 Qd3 32. Qc2 Qb5 33. Qa4 Qg5+
34. Kf1 c2 35. Ra2 Qf5 36. Ke2 Rc3 37. Qxa5 Qd3+ 38. Ke1 h6 39. Qa6 Qg6 40. Ke2
Kh7 41. Qb7 R8c6 42. Ra7 e5 43. dxe5 Qd3+ 44. Ke1 R3c5 45. Qb4 Rxe5 46. Qd2 Qf5
47. Qe2 Rec5 48. Ra4 Rb5 49. e4 Qf4 50. Raa1 Rb3 51. Rxc2 Rg6 52. Qf1 Rxf3 53.
Ra4 Rb3 54. Rd2 0-1

[Event "28th Chicago Open"]
[Site "Chicago"]
[Date "2019.05.24"]
[Round "2"]
[White "Li, Ben"]
[Black "Gabuzyan, Hovhannes"]
[Result "0-1"]
[WhiteElo "2377"]
[BlackElo "2613"]
[PlyCount "62"]
[EventDate "2019.05.??"]
[EventType "swiss"]
[EventRounds "9"]
[EventCountry "USA"]

1. d4 Nf6 2. c4 c5 3. d5 e6 4. Nc3 exd5 5. cxd5 d6 6. Nf3 g6 7. Nd2 Nbd7 8. e4
Bg7 9. Be2 O-O 10. O-O Re8 11. h3 h6 12. a4 g5 13. f4 gxf4 14. Rxf4 Ne5 15. Rf2
a6 16. Nf1 Ng6 17. Ng3 Nh7 18. Nf5 Bxf5 19. Rxf5 Qh4 20. Qf1 Ng5 21. Bf3 Be5
22. Ne2 Nxe4 23. Rh5 Qf6 24. Rxh6 Ng3 25. Nxg3 Bxg3 26. Be2 Qd4+ 27. Kh1 Qf2
28. Qxf2 Bxf2 29. Bd3 Re1+ 30. Kh2 Bg1+ 31. Kg3 Be3 0-1

[Event "28th Chicago Open"]
[Site "Chicago"]
[Date "2019.05.24"]
[Round "2"]
[White "Aaron, Deepak"]
[Black "Schmakel, Sam"]
[Result "0-1"]
[WhiteElo "2276"]
[BlackElo "2437"]
[PlyCount "54"]
[EventDate "2019.05.??"]
[EventType "swiss"]
[EventRounds "9"]
[EventCountry "USA"]

1. d4 Nf6 2. c4 g6 3. Nc3 Bg7 4. e4 d6 5. f3 O-O 6. Be3 c5 7. Nge2 Nc6 8. Qd2
Qa5 9. d5 Ne5 10. Nc1 e6 11. Be2 exd5 12. cxd5 a6 13. O-O b5 14. Bh6 Re8 15.
Bxg7 Kxg7 16. h3 Qb6 17. Kh2 Bd7 18. Nd1 c4 19. Nf2 Rac8 20. a3 h6 21. Na2 g5
22. Rae1 a5 23. g3 b4 24. axb4 axb4 25. f4 gxf4 26. gxf4 Ng6 27. Bf3 Qa5 0-1

[Event "28th Chicago Open"]
[Site "Chicago"]
[Date "2019.05.24"]
[Round "2"]
[White "Shimanov, Aleksandr"]
[Black "Tian, Eddy"]
[Result "1-0"]
[WhiteElo "2614"]
[BlackElo "2166"]
[PlyCount "71"]
[EventDate "2019.05.??"]
[EventType "swiss"]
[EventRounds "9"]
[EventCountry "USA"]

1. e4 c5 2. Nc3 Nc6 3. Bb5 Nd4 4. Bc4 e6 5. Nge2 Ne7 6. O-O Nec6 7. d3 g6 8.
Bf4 d6 9. Qd2 Bg7 10. Nxd4 Nxd4 11. a3 O-O 12. Ba2 b5 13. Nd1 Bb7 14. c3 Nc6
15. Bh6 d5 16. f3 Qd6 17. Nf2 Rad8 18. Rae1 Ne5 19. Bg5 dxe4 20. fxe4 Rd7 21.
Rd1 Qc7 22. Qe3 b4 23. axb4 cxb4 24. d4 Nc4 25. Qe2 Nxb2 26. Qxb2 bxc3 27. Qc2
Bxd4 28. Rxd4 Rxd4 29. Ng4 Qc5 30. Qf2 Qxg5 31. Nf6+ Kh8 32. Qxd4 c2 33. h4 Qh6
34. Qb2 Rc8 35. Ne8+ Kg8 36. Qxb7 1-0

[Event "28th Chicago Open"]
[Site "Chicago"]
[Date "2019.05.24"]
[Round "2"]
[White "Padhya Saumil"]
[Black "Shabalov, Alexander"]
[Result "0-1"]
[WhiteElo "2188"]
[BlackElo "2528"]
[PlyCount "45"]
[EventDate "2019.05.??"]
[EventType "swiss"]
[EventRounds "9"]
[EventCountry "USA"]

1. e4 c5 2. Nf3 d6 3. d4 cxd4 4. Nxd4 Nf6 5. Nc3 a6 6. h3 e6 7. g4 Qc7 8. Bg2
b5 9. O-O Bb7 10. Re1 Be7 11. g5 Nfd7 12. a4 bxa4 13. Rxa4 O-O 14. Nf5 exf5 15.
exf5 Bxg2 16. Kxg2 Qc6+ 17. Rae4 Bd8 18. Kg1 Ne5 19. R1e3 Nbd7 20. Rg3 g6 21.
Rd4 Nb6 22. Rxd6 Qc8 23. Nd5 0-1

[Event "28th Chicago Open"]
[Site "Chicago"]
[Date "2019.05.24"]
[Round "2"]
[White "Zaloznyy, Mike"]
[Black "Talukdar, Rohan"]
[Result "0-1"]
[WhiteElo "2032"]
[BlackElo "2395"]
[PlyCount "82"]
[EventDate "2019.05.??"]
[EventType "swiss"]
[EventRounds "9"]
[EventCountry "USA"]

1. e4 c5 2. Nf3 d6 3. d4 cxd4 4. Nxd4 Nf6 5. f3 e5 6. Nb3 Be7 7. c4 O-O 8. Be3
a5 9. a4 Be6 10. Be2 Na6 11. O-O Rc8 12. Na3 Nd7 13. Rc1 Nac5 14. Nxc5 Nxc5 15.
Nb5 Bg5 16. Qd2 Bxe3+ 17. Qxe3 Nxa4 18. Rfd1 Rc6 19. b3 Nc5 20. Nxd6 Qb6 21.
Nb5 Nxb3 22. Qxb6 Rxb6 23. Rb1 Nc5 24. Ra1 a4 25. Ra3 Ra8 26. Kf2 Kf8 27. Ke3
Ke7 28. g3 Rd8 29. Rxd8 Kxd8 30. f4 f6 31. Ra2 Ke7 32. Rd2 a3 33. Rd1 Rxb5 34.
cxb5 Nb3 35. b6 a2 36. Ba6 Bc8 37. Bc4 a1=Q 38. Rxa1 Nxa1 39. Kd2 Be6 40. Bxe6
Kxe6 41. Kc3 Kd6 0-1

[Event "28th Chicago Open"]
[Site "Chicago"]
[Date "2019.05.24"]
[Round "2"]
[White "Yanayt, Eugene"]
[Black "Zhou, Aiden"]
[Result "1/2-1/2"]
[WhiteElo "2263"]
[BlackElo "1926"]
[PlyCount "116"]
[EventDate "2019.05.??"]
[EventType "swiss"]
[EventRounds "9"]
[EventCountry "USA"]

1. Nf3 Nf6 2. c4 g6 3. Nc3 Bg7 4. e4 d6 5. d4 O-O 6. Be2 e5 7. O-O Nc6 8. d5
Ne7 9. Ne1 Nd7 10. Nd3 f5 11. Bd2 Nf6 12. f3 f4 13. Rc1 g5 14. c5 Ng6 15. Nb5
Rf7 16. Ba5 b6 17. cxd6 cxd6 18. Be1 g4 19. fxg4 Nxe4 20. Nb4 a6 21. Bf3 Ng5
22. Nc3 Nxf3+ 23. gxf3 Qf8 24. Ne4 Bb7 25. Qb3 a5 26. Nc6 Ba6 27. Rf2 Rb7 28.
Rfc2 Bf6 29. Qa3 Rd7 30. g5 Bg7 31. Rg2 Kh8 32. h4 Ne7 33. Nxe7 Qxe7 34. Rc6
Bb7 35. Rxb6 Bxd5 36. Rd2 Bxe4 37. fxe4 Qe6 38. Rbxd6 Rxd6 39. Qxd6 Qxa2 40. h5
Qb1 41. Rd1 Qxe4 42. h6 Bf8 43. Qf6+ Kg8 44. Qe6+ Kh8 45. Bf2 f3 46. Rd7 Qf4
47. Qf6+ Qxf6 48. gxf6 Bxh6 49. Re7 Bg5 50. Rf7 h6 51. Bc5 e4 52. Kf2 Rc8 53.
Bd4 Rd8 54. Bc3 Bh4+ 55. Ke3 Bg5+ 56. Kf2 Bh4+ 57. Ke3 Bg5+ 58. Kf2 Bh4+
1/2-1/2

[Event "28th Chicago Open"]
[Site "Chicago"]
[Date "2019.05.24"]
[Round "2"]
[White "Kondakov, Adrian"]
[Black "Homa, Seth"]
[Result "0-1"]
[WhiteElo "1948"]
[BlackElo "2245"]
[PlyCount "70"]
[EventDate "2019.05.??"]
[EventType "swiss"]
[EventRounds "9"]
[EventCountry "USA"]

1. e4 c5 2. Nf3 Nc6 3. d4 cxd4 4. Nxd4 e5 5. Nb5 d6 6. N1c3 a6 7. Na3 Be7 8.
Nd5 Nf6 9. Bd3 Nxd5 10. exd5 Qa5+ 11. Kf1 Qxd5 12. Nc4 Qe6 13. Nb6 Rb8 14. Bc4
Qg6 15. c3 O-O 16. h4 Be6 17. Bd5 Bd8 18. Nc4 Bc7 19. h5 Qf6 20. Ne3 Ne7 21. g4
Nxd5 22. Nxd5 Bxd5 23. Qxd5 Bb6 24. Rh2 Qe6 25. Qf3 f5 26. g5 f4 27. Kg1 Rf5
28. Rg2 e4 29. Qd1 Rbf8 30. b3 e3 31. Ba3 f3 32. Rg3 Rd5 33. Qc2 Rd2 34. Qb1
exf2+ 35. Kh1 Rf4 0-1

[Event "28th Chicago Open"]
[Site "Chicago"]
[Date "2019.05.18"]
[Round "1"]
[White "Bruzon Batista, Lazaro"]
[Black "Yanayt, Eugene"]
[Result "1/2-1/2"]
[WhiteElo "2664"]
[BlackElo "2263"]
[PlyCount "172"]
[EventDate "2019.05.??"]
[EventType "swiss"]
[EventRounds "9"]
[EventCountry "USA"]

1. Nf3 Nf6 2. g3 g6 3. Bg2 Bg7 4. O-O O-O 5. c4 d6 6. Nc3 e5 7. d3 Nc6 8. Rb1
a5 9. b3 Bg4 10. h3 Be6 11. e4 h6 12. Be3 Nd7 13. d4 exd4 14. Nxd4 Nxd4 15.
Bxd4 Bxd4 16. Qxd4 Qf6 17. Qd2 Qg7 18. f4 f5 19. exf5 gxf5 20. Rbe1 Nc5 21. Re3
Rf6 22. Rfe1 Kh8 23. Qd4 Rg8 24. Kh2 b6 25. Nb5 Rg6 26. Qxg7+ R8xg7 27. R1e2 h5
28. Nd4 Bd7 29. Bd5 Ne4 30. Bxe4 fxe4 31. f5 Rg5 32. Rxe4 Rxg3 33. Ne6 Rg8 34.
Rh4 Be8 35. Nxc7 Bf7 36. Nd5 Rf3 37. Nf6 Rg5 38. Ne4 Rgxf5 39. Nxd6 Rg5 40. Rg2
Re5 41. Nxf7+ Rxf7 42. Rd4 Kh7 43. Rd6 b5 44. Rd5 Rff5 45. Rxe5 Rxe5 46. Rc2
bxc4 47. bxc4 Rc5 48. Kg3 Kg6 49. Kf4 Kf6 50. Ke4 Ke6 51. Kd4 Kd6 52. Rb2 Kc6
53. Re2 Rf5 54. Re6+ Kc7 55. a4 Rf4+ 56. Re4 Rf3 57. Re3 Rf1 58. Re5 h4 59. Rh5
Ra1 60. Rxa5 Ra3 61. Rh5 Rxh3 62. Kc5 Kb7 63. Rh7+ Ka6 64. Kc6 Rh1 65. c5 h3
66. Kc7 h2 67. c6 Ka5 68. Rh4 Ka6 69. Rh5 Rd1 70. Rxh2 Ka7 71. Kc8 Kb6 72. c7
Rc1 73. Rh6+ Ka7 74. Kd7 Kb7 75. Rh5 Rd1+ 76. Ke6 Kxc7 77. Rb5 Kc6 78. Ke5 Ra1
79. Rb4 Kc5 80. Re4 Kb6 81. Kd5 Ka5 82. Kc5 Rc1+ 83. Kd6 Ra1 84. Re7 Rd1+ 85.
Kc5 Kxa4 86. Ra7+ Kb3 1/2-1/2

[Event "28th Chicago Open"]
[Site "Chicago"]
[Date "2019.05.23"]
[Round "1"]
[White "Homa, Seth"]
[Black "Quesada Perez, Yuniesky"]
[Result "1/2-1/2"]
[WhiteElo "2245"]
[BlackElo "2622"]
[PlyCount "152"]
[EventDate "2019.05.??"]
[EventType "swiss"]
[EventRounds "9"]
[EventCountry "USA"]

1. c4 e5 2. Nc3 Nc6 3. Nf3 Nf6 4. e3 Bb4 5. Qc2 a5 6. Nd5 d6 7. a3 Bc5 8. b3
Be6 9. Nxf6+ Qxf6 10. Bb2 Bf5 11. d3 O-O 12. Be2 Rfe8 13. O-O Qh6 14. Nd2 Qg6
15. Rfe1 h5 16. Ne4 h4 17. Kh1 Rad8 18. h3 Bb6 19. Bf3 Ne7 20. Rad1 Rd7 21. b4
axb4 22. axb4 d5 23. c5 Ba7 24. Nc3 Bb8 25. e4 dxe4 26. dxe4 Rxd1 27. Nxd1 Bc8
28. b5 Qf6 29. Qe2 Ng6 30. Ne3 c6 31. Bg4 Nf4 32. Qc4 Ne6 33. Kg1 Qe7 34. Rc1
g6 35. b6 Rd8 36. Rd1 Rxd1+ 37. Nxd1 Bd7 38. Ba3 Nd4 39. Bxd7 Qxd7 40. Ne3 Kg7
41. Bb2 Ne6 42. Ng4 Qd2 43. Bxe5+ Bxe5 44. Nxe5 Qe1+ 45. Qf1 Qxe4 46. Qa1 Qd4
47. Qxd4 Nxd4 48. f4 f6 49. Nc4 Nb3 50. f5 gxf5 51. Nd6 Nxc5 52. Nxf5+ Kf7 53.
Nxh4 Nd7 54. Nf5 Ke6 55. Ng7+ Ke5 56. h4 Nxb6 57. Kf2 f5 58. h5 Nd5 59. h6 Nf6
60. Ke2 b5 61. Kd3 c5 62. Ne8 b4 63. g3 c4+ 64. Kc2 Ke6 65. Ng7+ Ke5 66. Ne8
Nh7 67. Kd2 Ng5 68. Nc7 b3 69. Kc3 Kd6 70. Nb5+ Ke5 71. Na3 Kf6 72. Nxc4 Ne4+
73. Kxb3 Kg6 74. Ne3 Nxg3 75. h7 Kxh7 76. Nxf5 Nxf5 1/2-1/2

[Event "28th Chicago Open"]
[Site "Chicago"]
[Date "2019.05.23"]
[Round "1"]
[White "Stevens, Matthew"]
[Black "Shimanov, Aleksandr"]
[Result "1/2-1/2"]
[WhiteElo "2230"]
[BlackElo "2614"]
[PlyCount "68"]
[EventDate "2019.05.??"]
[EventType "swiss"]
[EventRounds "9"]
[EventCountry "USA"]

1. d4 Nf6 2. Nf3 c5 3. d5 b5 4. c4 bxc4 5. Nc3 d6 6. e4 g6 7. Bxc4 Bg7 8. e5
dxe5 9. Nxe5 O-O 10. O-O Bb7 11. Re1 Nfd7 12. Nxd7 Nxd7 13. Bg5 Bf6 14. Bxf6
exf6 15. Rc1 Nb6 16. Qd3 f5 17. Red1 Qh4 18. b3 Rad8 19. Qg3 Qxg3 20. hxg3 Rd7
21. Rd2 Rfd8 22. Rcd1 Kg7 23. Bb5 Rd6 24. Be2 a5 25. Bc4 h5 26. f4 Kf8 27. Kf2
Nd7 28. Be2 Nb6 29. Bc4 Bc6 30. Rc2 Be8 31. Be2 Nxd5 32. Nxd5 Rxd5 33. Rxd5
Rxd5 34. Ke3 a4 1/2-1/2